Shifting cultivation and alternatives: An annotated bibliography 1972-1989 (Record no. 40404)

MARC details
000 -LEADER
fixed length control field 00364nam a2200121Ia 4500
082 ## - DEWEY DECIMAL CLASSIFICATION NUMBER
Classification number 631:016
Item number ROB
245 #0 - TITLE STATEMENT
Title Shifting cultivation and alternatives: An annotated bibliography 1972-1989
260 ## - PUBLICATION, DISTRIBUTION, ETC. (IMPRINT)
Place of publication London
Name of publisher CAB International
Year of publication 1992
700 ## - ADDED ENTRY--PERSONAL NAME
Personal name McKean, Sheila J
700 ## - ADDED ENTRY--PERSONAL NAME
Personal name Robinson, Daniel M
942 ## - ADDED ENTRY ELEMENTS (KOHA)
Koha item type Books
Holdings
Withdrawn status Lost status Damaged status Not for loan Home library Current library Date acquired Cost, normal purchase price Full call number Accession Number Koha item type
        RRII Library RRII Library 16/12/2021 25.00 631:016 ROB 20704 Books